000 00396nam a22001697a 4500
005 20180203160636.0
008 160630b xxu||||| |||| 00| 0 eng d
020 _a978-81-89757-70-0
041 _aeng
082 _b15856
_a005.133
100 _aJha, S K
_93247
245 _aProgramming in C
260 _bKatson
_c2012
300 _a504
650 _aInformation Technology
_9137
942 _cBK
999 _c4885
_d4883